00869nam a2200229 a 450000100100000000500170001000800410002702000150006804000250008304100130010808200130012124500780013426000340021230000210024649000300026753400260029770000340032383000370035795201110039495201170050599900170062200004289020201002040457.0140212s1981 sp 000 0 spa d a8402085407 aDO-SdBNPbspacBNPHU17aspaheng axxxbxxx00aEl Castillo de Otranto /cHorace Walpole ; traducción Julio Roca Baena. aBarcelona :bBruguera,c1981. a192 p. ;c18 cm.1 aLibro amigo Bruguerav899 aThe castle of otranto12aRoca Baena, Julioetr.970332 0aLibro amigo Brugueran899970333 001050718MOaGRbGRcCTd2014-02-12iLF1l0oxxx xxxp42890-10r2020-06-25w2020-06-25y1ZNo se presta 001050718MOaGRbGRcCTd2014-02-12iLF1l0oxxx xxxp42890-20r2020-06-25te. 2w2020-06-25y1ZNo se presta c42379d42379